Welcome to WEB OPAC of MRSPTU Central Library

Matrix Methods of Structural Analysis (Record no. 6725)

MARC details
000 -LEADER
fixed length control field 00469nam a2200181Ia 4500
008 - FIXED-LENGTH DATA ELEMENTS--GENERAL INFORMATION
fixed length control field 230711s9999||||xx |||||||||||||| ||und||
020 ## - INTERNATIONAL STANDARD BOOK NUMBER
International Standard Book Number 978-81-928692-7-8
041 ## - LANGUAGE CODE
Language code of text/sound track or separate title ENG
082 ## - DEWEY DECIMAL CLASSIFICATION NUMBER
Classification number 624.171
Item number ME-M
100 ## - MAIN ENTRY--PERSONAL NAME
Personal name Meghre,A.S
245 #0 - TITLE STATEMENT
Title Matrix Methods of Structural Analysis
250 ## - EDITION STATEMENT
Edition statement 2nd Ed.
260 ## - PUBLICATION, DISTRIBUTION, ETC.
Date of publication, distribution, etc. 2016
Place of publication, distribution, etc. Gujarat
Name of publisher, distributor, etc. Charotar Publishing House PVT.LTD
300 ## - PHYSICAL DESCRIPTION
Extent 540p.
650 ## - SUBJECT ADDED ENTRY--TOPICAL TERM
Topical term or geographic name entry element Mechanical Engineering
700 ## - ADDED ENTRY--PERSONAL NAME
Personal name Deshmukh,S.K
942 ## - ADDED ENTRY ELEMENTS (KOHA)
Koha item type Book
Holdings
Withdrawn status Lost status Damaged status Not for loan Collection Home library Current library Date acquired Source of acquisition Cost, normal purchase price Inventory number Total checkouts Full call number Barcode Date last seen Price effective from Koha item type
          MRSPTU Central Library MRSPTU Central Library 09/06/2043 Krishna Book Distributors 40059.00 KBD/2017-2018/1021343059   624.171 ME-M 40059 08/17/2023 08/17/2023 Book
          MRSPTU Central Library MRSPTU Central Library 09/06/2043 Krishna Book Distributors 40059.00 KBD/2017-2018/1021343059   624.171 ME-M 40060 08/17/2023 08/17/2023 Book
          MRSPTU Central Library MRSPTU Central Library 09/06/2043 Krishna Book Distributors 40059.00 KBD/2017-2018/1021343059   624.171 ME-M 40061 08/17/2023 08/17/2023 Book
          MRSPTU Central Library MRSPTU Central Library 09/06/2043 Krishna Book Distributors 40059.00 KBD/2017-2018/1021343059   624.171 ME-M 40062 08/17/2023 08/17/2023 Book
          MRSPTU Central Library MRSPTU Central Library 09/06/2043 Krishna Book Distributors 40059.00 KBD/2017-2018/1021343059   624.171 ME-M 40063 08/17/2023 08/17/2023 Book
          MRSPTU Central Library MRSPTU Central Library 09/06/2043 Krishna Book Distributors 40059.00 KBD/2017-2018/1021343059   624.171 ME-M 40064 08/17/2023 08/17/2023 Book

Website Designed and Developed by MRSPTU Central Library Team

E-mail Id: librarian@mrsptu.ac.in